Normal view MARC view
  • Ering. T. B

Entry Personal Name

Number of records used in: 1

001 - CONTROL NUMBER

  • control field: 3516

003 - CONTROL NUMBER IDENTIFIER

  • control field: OSt

005 - DATE AND TIME OF LATEST TRANSACTION

  • control field: 20170619101751.0

008 - FIXED-LENGTH DATA ELEMENTS

  • fixed length control field: 170619|| aca||aabn | a|a d

040 ## - CATALOGING SOURCE

  • Original cataloging agency: OSt

100 ## - HEADING--PERSONAL NAME

  • Personal name: Ering. T. B

Powered by Koha